Statistics for We Are The Champions by Queen - Lyrics

Click here to take the quiz!

General Stats

  • This quiz has been taken 2,952 times
    (2,026 since last reset)
  • The average score is 27 of 42

Answer Stats

We Are The Champions% Correct
Time after {time}
98%
But committed no {crime}
92%
I've paid my {dues}
89%
'Til the {end}
83%
'Cause {we} {are} {the} {champions} of the world
82%
{We} {are} {the} {champions}
82%
{We} {are} {the} {champions}
82%
{We} {are} {the} {champions}, my friends
82%
And we'll keep on {fighting}
80%
No time for {losers}
80%
I've done my {sentence}
79%
I've made a {few}
77%
'Til the {end}
70%
{We} {are} {the} {champions}, my friends
70%
'Cause {we} {are} {the} {champions} of the world
69%
{We} {are} {the} {champions}
69%
{We} {are} {the} {champions}
69%
And we'll keep on {fighting}
68%
No time for {losers}
68%
'Til the {end}
68%
'Cause {we} {are} {the} {champions}
67%
{We} {are} {the} {champions}
67%
{We} {are} {the} {champions}
67%
{We} {are} {the} {champions}, my friends
67%
And we'll keep on {fighting}
66%
No time for {losers}
66%
And {bad} {mistakes}
65%
But I've come {through}
64%
You brought me fame and {fortune}
63%
I thank you {all}
62%
But it's been no {bed} {of} {roses}
57%
Kicked in my {face}
57%
And I ain't gonna {lose}
54%
And everything that {goes} {with} {it}
52%
No pleasure {cruise}
49%
I consider it a {challenge} before
46%
The whole {human} {race}
46%
I've taken my {bows}
41%
And my {curtain} {calls}
40%
I've had my share of {sand}
39%
And I {need} to go on and on and on and on
22%
And I {need} to go on and on and on and on
20%

Score Distribution

Percentile by Number Answered

Percent of People with Each Score

Your Score History

You have not taken this quiz since the last reset